| 000 | 00728nam a2200157 a 4500 | ||
|---|---|---|---|
| 008 | 150519s1994 ||||||||||||||||| || u | ||
| 050 | _aGOV.ZAM(058)ER/1994 | ||
| 110 | _aGovernment of the Republic of Zambia (GRZ) | ||
| 245 | 1 | 0 |
_aRepublic of Zambia economic report 1993 _cMinistry of Finance and Economic Development |
| 260 |
_aLusaka _bMinistry of Finance and Economic Development _c1994 |
||
| 300 | _a144p.: ill. | ||
| 350 | _a0.00 | ||
| 650 | 0 | _aECONOMIC DEVELOPMENT--ZAMBIA | |
| 710 | _aGovernment of the Republic of Zambia. Ministry of Finance and National Planning | ||
| 995 |
_FCBU-MAIN LIBRARY (Kitwe) _I0.00 _M1 _UAVAILABLE _WMay 19, 2015 _ZZambiana Collection |
||
| 999 |
_c56269 _d56269 |
||